| 000 | 01115nam a2200301 a 4500 | ||
|---|---|---|---|
| 999 |
_c12462 _d12462 |
||
| 001 | 12462 | ||
| 003 | BD-JhCC | ||
| 005 | 20220518134021.0 | ||
| 008 | 220226s1996 vau b 001 0 eng | ||
| 020 | _a1565642171 | ||
| 020 | _a156564218X (pbk.) | ||
| 035 | _a(BD-JhCC)12462 | ||
| 040 |
_aDLC _cDLC _dDLC _dBD-JhCC |
||
| 041 | _aeng | ||
| 050 | 0 | 0 |
_aBP173.75 _b.H364 1996 |
| 082 | 0 | 0 |
_a297.19785 _220 _bHAQ 1995 |
| 100 | 1 | _aHaq, Irfan ul. | |
| 245 | 1 | 0 |
_aEconomic doctrines of Islam : _ba study in the doctrines of Islam and their implications for poverty, employment, and economic growth / _cIrfan ul Haq. |
| 260 |
_aHerndon, Va. : _bInternational Institute of Islamic Thought, _c1996. |
||
| 300 |
_axiv, 293 p. ; _c23 cm. |
||
| 440 | 0 | _aIslamization of economics | |
| 490 | 1 |
_aAcademic dissertations ; _v3 |
|
| 500 | _aOriginally presented as the author's thesis (Ph. D.)--University of California, Davis, 1992. | ||
| 504 | _aIncludes bibliographical references (p. 257-265) and indexes. | ||
| 650 | 0 |
_aEconomics _xReligious aspects _xIslam. |
|
| 650 | 0 |
_aIslam _xEconomic aspects. |
|
| 942 |
_2ddc _cBK _01 |
||